000 01177nam a2200241Ia 4500
003 OSt
005 20210716104923.0
008 210310s2015 ck ad gr 000 0 spa d
040 _aCO-JMCR
_cCO-JMCR
041 0 _aspa
082 0 4 _a332.6725 /
_bB213i
_223
110 2 _aBanco de Desarrollo de América Latina
_eautor
_96178
245 1 0 _aIntegración financiera regional :
_bla mejor tuta a seguir /
_cFederación Iberoamericana de Bolsas , Banco de Desarrollo de América Latina
260 _aBogotá :
_bFIAB,
_c2015
300 _a104 páginas :
_bilustraciones y gráficas a color ;
_c22 cm, +
_e1 CD.
501 _aCon: notas a pie de página.
505 0 _tConsideraciones sobre el estudio. /
_rMauricio Cárdenas Santamaría. --
_tPlan de trabajo FIAB 2013-2015. /
_rJuan Pablo Córdoba. --
_tPrimer componente del proyecto FIAB-CAF. /
_rJavier de la Cruz Gonzáles. --
_tPosibilidades de utilización.
650 1 4 _aMercado de capitales
_zAmérica Latina
_938517
650 2 4 _aFinanzas
_zAmérica Latina.
_938518
650 2 4 _aIntegración económica
_zAmérica Latina.
_938519
710 1 _aFederación Iberoamericana de Bolsas
_eautor
_938520
942 _2ddc
_cBK
999 _c11923
_d11923